Normal view MARC view
  • Leonard, John S. (John Sterling)

Entry Personal Name

Number of records used in: 1

001 - CONTROL NUMBER

  • control field: 7326

003 - CONTROL NUMBER IDENTIFIER

  • control field: OSt

005 - DATE AND TIME OF LATEST TRANSACTION

  • control field: 20190902143148.0

008 - FIXED-LENGTH DATA ELEMENTS

  • fixed length control field: 190902|| aca||aabn | a|a d

040 ## - CATALOGING SOURCE

  • Original cataloging agency: OSt
  • Transcribing agency: OSt

100 ## - HEADING--PERSONAL NAME

  • Personal name: Leonard, John S. (John Sterling)

670 ## - SOURCE DATA FOUND

  • Source citation: Work cat.: (OSt): Leonard, John S. (John Sterling), Get real : sharing your everyday faith every day, 2013

Powered by Koha